[Event "GER-ch U10"]
[Site "Oberhof"]
[Date "2011.06.16"]
[Round "8"]
[White "Rosenthal, Moritz"]
[Black "Ratay, Meike"]
[Result "1/2-1/2"]
[WhiteElo "847"]
[BlackElo "1087"]
[PlyCount "55"]
[EventDate "2011.06.11"]
[EventType "swiss"]
[EventRounds "11"]
[EventCountry "GER"]
[SourceTitle "CBM 142 Extra"]
[Source "ChessBase"]
[SourceDate "2011.06.27"]
[SourceVersion "1"]
[SourceVersionDate "2011.06.27"]
[SourceQuality "1"]

1. e4 e5 2. Nf3 Nc6 3. Bc4 Bc5 4. c3 Nf6 5. d4 exd4 6. cxd4 Bb4+ 7. Bd2 Bxd2+ 8. Nbxd2 d6 9. d5 Ne7 10. 0-0 Bg4 11. h3 Bh5 12. Re1 0-0 13. Rc1 h6 14. Bd3 Bg6 15. Qb3 b6 16. Qc3 Bh7 17. Qxc7 Qxc7 18. Rxc7 Nexd5 19. Rc6 Rfd8 20. a3 Nf4 21. Ba6 Kf8 22. Rc7 Rd7 23. Rxd7 Nxd7 24. Nd4 Nc5 25. Bc4 Ncd3 26. Rb1 Ne5 27. Ba2 d5 28. f3 1/2-1/2

[Event "GER-ch U10"]
[Site "Oberhof"]
[Date "2011.06.14"]
[Round "5"]
[White "Kopylov, Daniel"]
[Black "Rosenthal, Moritz"]
[Result "1-0"]
[WhiteElo "1130"]
[BlackElo "847"]
[PlyCount "131"]
[EventDate "2011.06.11"]
[EventType "swiss"]
[EventRounds "11"]
[EventCountry "GER"]
[SourceTitle "CBM 142 Extra"]
[Source "ChessBase"]
[SourceDate "2011.06.27"]
[SourceVersion "1"]
[SourceVersionDate "2011.06.27"]
[SourceQuality "1"]

1. d4 d5 2. c4 e6 3. Nc3 Nf6 4. Bg5 Nbd7 5. e4 c6 6. e5 h6 7. exf6 hxg5 8. fxg7 Bxg7 9. Be2 Nf6 10. Nf3 Bh6 11. 0-0 Qc7 12. Ne5 Nd7 13. Bh5 Nxe5 14. dxe5 Qxe5 15. Qf3 Qf4 16. Qxf4 gxf4 17. cxd5 cxd5 18. Nb5 Ke7 19. Rfe1 Bd7 20. Nc7 Rag8 21. Nxd5+ Kf8 22. Nf6 Rg5 23. Nxd7+ Ke7 24. Bxf7 Kxf7 25. Ne5+ Ke7 26. Nf3 Rg7 27. Nd4 Rg6 28. Re4 Bg7 29. Rxf4 Rd8 30. Nf3 Rc8 31. g3 Rc2 32. Rb4 b6 33. Rb1 Rf6 34. Rb3 Rf7 35. Re1 Bxb2 36. h4 Bg7 37. Rbe3 Rc6 38. Ng5 Rf6 39. f4 Kd6 40. Ne4+ Ke7 41. Nxf6 Kxf6 42. Kf2 Kf5 43. Kf3 Bd4 44. g4+ Kf6 45. Re4 Rc3+ 46. Kg2 Rc2+ 47. R1e2 Rxe2+ 48. Rxe2 e5 49. fxe5+ Bxe5 50. Rf2+ Kg6 51. Rf5 Bg7 52. Kf3 a5 53. Ke4 Kh6 54. Kd5 Kg6 55. Kc6 Bd4 56. Kd5 Bc5 57. Ke6 Be3 58. Rf6+ Kg7 59. g5 a4 60. h5 a3 61. Rf7+ Kg8 62. Kf6 Bd4+ 63. Kg6 Bc5 64. h6 Bf8 65. h7+ Kh8 66. Rxf8# 1-0

[Event "GER-ch U10"]
[Site "Oberhof"]
[Date "2011.06.13"]
[Round "4"]
[White "Rosenthal, Moritz"]
[Black "Sanati, Charlotte"]
[Result "0-1"]
[WhiteElo "847"]
[BlackElo "1284"]
[PlyCount "122"]
[EventDate "2011.06.11"]
[EventType "swiss"]
[EventRounds "11"]
[EventCountry "GER"]
[SourceTitle "CBM 142 Extra"]
[Source "ChessBase"]
[SourceDate "2011.06.27"]
[SourceVersion "1"]
[SourceVersionDate "2011.06.27"]
[SourceQuality "1"]

1. e4 e6 2. d4 d5 3. exd5 exd5 4. Bd3 Bd6 5. Ne2 Ne7 6. 0-0 Bg4 7. h3 Bh5 8. Bg5 Nd7 9. Nbc3 c6 10. Qd2 Qc7 11. Bf4 Bg6 12. Bxd6 Qxd6 13. Qf4 Qxf4 14. Nxf4 Bxd3 15. Nxd3 0-0-0 16. Ne2 g5 17. c3 h5 18. a4 Rdg8 19. g3 h4 20. g4 f5 21. f3 fxg4 22. fxg4 Rf8 23. Rxf8+ Rxf8 24. Rf1 Rxf1+ 25. Kxf1 Nf6 26. Kg2 Ne4 27. Ng1 Kc7 28. Nf3 Kd6 29. Nde5 Ke6 30. a5 Nc8 31. Kf1 a6 32. Ke2 Ncd6 33. Nd2 Nxd2 34. Kxd2 Ne4+ 35. Ke3 c5 36. Nd3 Kd6 37. Nxc5 Nxc5 38. dxc5+ Kxc5 39. b4+ Kc4 40. Kd2 d4 41. cxd4 Kxd4 42. Ke2 Ke4 43. Kf2 Kf4 44. Kg2 Ke3 45. Kg1 Kf3 46. Kh2 Kf2 47. Kh1 Kg3 48. Kg1 Kxh3 49. Kh1 Kxg4 50. Kg2 h3+ 51. Kh2 Kh4 52. Kg1 Kg3 53. Kh1 g4 54. Kg1 Kf3 55. Kh1 Kf2 56. Kh2 g3+ 57. Kxh3 g2 58. Kh4 g1Q 59. Kh5 Qg7 60. Kh4 Qg6 61. Kh3 Qg3# 0-1